Использование специальных знаний в уголовном судопроизводстве (Запись № 277030)

Подробности
000 -МАРКЕР
контрольное поле 01897nam0a2200337 4500
001 - ИДЕНТИФИКАТОР ЗАПИСИ
контрольное поле RU\NLR\bibl\962547
005 - ИДЕНТИФИКАТОР ВЕРСИИ
контрольное поле 20260405173752.0
035 ## - ДРУГИЕ СИСТЕМНЫЕ НОМЕРА
Идентификатор записи (NLR Aleph) 000950567
100 ## - ДАННЫЕ ОБЩЕЙ ОБРАБОТКИ
Данные общей обработки 20060628d2005 u y0rusy50 ca
101 0# - ЯЗЫК РЕСУРСА
Язык текста, звукозаписи и т.д. русский
102 ## - СТРАНА ПУБЛИКАЦИИ ИЛИ ПРОИЗВОДСТВА
Страна публикации Российская Федерация
105 ## - ПОЛЕ КОДИРОВАННЫХ ДАННЫХ: ТЕКСТОВЫЕ МАТЕРИАЛЫ, МОНОГРАФИЧЕСКИЕ
Кодированные данные о монографическом текстовом документе y |||||||||
200 1# - ЗАГЛАВИЕ И СВЕДЕНИЯ ОБ ОТВЕТСТВЕННОСТИ
Основное заглавие Использование специальных знаний в уголовном судопроизводстве
Сведения, относящиеся к заглавию (уголовно-процессуальный и криминалистический аспекты)
-- монография
Первые сведения об ответственности Н.А. Данилова, С.П. Кушниренко, Т.Г. Николаева, В.Д. Пристансков
210 ## - ПУБЛИКАЦИЯ, РАСПРОСТРАНЕНИЕ И ДР.
Место издания, распространения и т.д. Санкт-Петербург
Имя издателя, распространителя и т. д. [б.и.]
Дата издания, распространения и т.д. 2005
215 ## - ФИЗИЧЕСКАЯ ХАРАКТЕРИСТИКА
Специфическое обозначение материала и объем 310,[1] с.
Размеры 20
300 ## - ОБЩИЕ ПРИМЕЧАНИЯ
Текст примечания Перед вып. дан. авт.: Данилова Н.А., Кушниренко С.П., Николаева Т.Г., Пристансков В.Д., кандидаты юрид. наук, доценты
320 ## - ПРИМЕЧАНИЯ О НАЛИЧИИ В ДОКУМЕНТЕ БИБЛИОГРАФИИ / УКАЗАТЕЛЯ
Текст примечания Библиогр. в подстроч. прим.
606 1# - НАИМЕНОВАНИЕ ТЕМЫ КАК ПРЕДМЕТ
Наименование темы Уголовный процесс
Тематический подзаголовок Участие специалистов
Географический подзаголовок Российская Федерация
Системный номер авторитетной/нормативной записи 2210863
Идентификатор авторитетной/нормативной записи RU\NLR\auth\661328097
686 ## - ИНДЕКСЫ ДРУГИХ КЛАССИФИКАЦИЙ
Индекс Х629.374.019
686 ## - ИНДЕКСЫ ДРУГИХ КЛАССИФИКАЦИЙ
Индекс Х629.372.207.17
701 #1 - ИМЯ ЛИЦА - АЛЬТЕРНАТИВНАЯ ОТВЕТСТВЕННОСТЬ
Код отношения Автор
Материалы, к которым относится поле rus
Графика поля Кириллица
Начальный элемент ввода Данилова
Часть имени, кроме начального элемента ввода Н. А.
Дополнения к именам, кроме дат д-р юрид. наук
Расширение инициалов личного имени Наталья Алексеевна
Идентификатор авторитетной/нормативной записи RU\NLR\auth\7761728
Системный номер авторитетной/нормативной записи 44658
701 #1 - ИМЯ ЛИЦА - АЛЬТЕРНАТИВНАЯ ОТВЕТСТВЕННОСТЬ
Начальный элемент ввода Кушниренко
Часть имени, кроме начального элемента ввода С. П.
Расширение инициалов личного имени Светлана Петровна
Код отношения Автор
701 #1 - ИМЯ ЛИЦА - АЛЬТЕРНАТИВНАЯ ОТВЕТСТВЕННОСТЬ
Код отношения Автор
Материалы, к которым относится поле rus
Графика поля Кириллица
Начальный элемент ввода Николаева
Часть имени, кроме начального элемента ввода Т. Г.
Дополнения к именам, кроме дат д-р юрид. наук
Расширение инициалов личного имени Татьяна Геннадьевна
Идентификатор авторитетной/нормативной записи RU\NLR\auth\7775101
Системный номер авторитетной/нормативной записи 58029
701 #1 - ИМЯ ЛИЦА - АЛЬТЕРНАТИВНАЯ ОТВЕТСТВЕННОСТЬ
Начальный элемент ввода Пристансков
Часть имени, кроме начального элемента ввода В. Д.
Расширение инициалов личного имени Владимир Дмитриевич
Код отношения Автор
801 #0 - ИСТОЧНИК ЗАПИСИ
Страна Российская Федерация
Организация NLR
Дата составления 20060628
Правила каталогизации rcr
801 #1 - ИСТОЧНИК ЗАПИСИ
Страна Российская Федерация
Организация NLR
Дата составления 20060628
830 ## - ОБЩЕЕ ПРИМЕЧАНИЕ, СОСТАВЛЕННОЕ КАТАЛОГИЗАТОРОМ
Текст примечания по кн
942 ## - ДОПОЛНИТЕЛЬНЫЕ ЭЛЕМЕНТЫ ЗАПИСИ (АБИС)
Тип экземпляра АБИС Книга
980 ## - КОЛЛЕКЦИЯ
Название коллекции Национальная библиография
Экземпляры
Тип экземпляра Дата поступления Источник поступления Стоимость Библиотека постоянного хранения Библиотека текущего хранения Место хранения Шифр хранения Штрих-код Статус экземпляра
Книга 28.06.2006 Дар 100.00 РНБ (Московский) РНБ (Московский) Русский книжный фонд: издания с 1957 года 2006-3/17759 1-1595106